000 00764cam a2200217 a 4500
001 000004219
005 20200929151420.0
008 900808s1993 nyua 001 0 eng
020 _a088184876X
040 _aDO-SdBNP
_bspa
_cBNPHU
082 _a796.357097293
_bR911t
100 1 _aRuck, Rob,
_d1950-
_912457
245 1 4 _aThe tropic of baseball :
_bbaseball in the Dominican Republic /
_cRob Ruck.
260 _aNew York :
_bCorroll & Graf Publishers,
_cc1993.
300 _axx, 205 p. :
_bil., retrs. ;
_c24 cm.
490 1 _aBaseball and American society ;
_v13
500 _aIncluye índices
650 0 _aBéisbol
_zRepública Dominicana
_xHistoria.
_91158
830 0 _aBaseball and American society ;
_n13
_912458
910 _aValidado. Control de calidad BNPHU
999 _c4033
_d4033